Vietnam : market prospects and investment environment.
| Format: | Book |
|---|---|
| Published: |
Hong Kong:
Hong Kong Trade Development Council,
1992.
|
| Subjects: |
| LEADER | 00464cam a2200157 7i4500 | ||
|---|---|---|---|
| 001 | 0000002997 | ||
| 005 | 19991025090000.0 | ||
| 002 | ##000004313 | ||
| 020 | 0 | 0 | |a T000004021 |
| 090 | 0 | 0 | |a C 959.7 |b VIE |
| 245 | 0 | 0 | |a Vietnam : |b market prospects and investment environment. |
| 260 | 0 | 0 | |a Hong Kong: |b Hong Kong Trade Development Council, |c 1992. |
| 300 | 0 | 0 | |a v.p. |
| 650 | 0 | 0 | |a Investment, foreign |
| 651 | 0 | 0 | |a Vietnam |
| 999 | |a 0000004890 |b Book |c Open shelf |e Business Information Centre | ||